[Event "Lindores Abbey Tal Blitz 2021"]
[Site "Riga"]
[Date "2021.11.08"]
[Round "1.49"]
[White "Garifullina, Leya"]
[Black "Sargissian, Gabriel"]
[Result "0-1"]
[WhiteElo "2416"]
[BlackElo "2664"]
[Annotator "ChessBase"]
[PlyCount "102"]
[EventDate "2021.11.02"]
[EventType "swiss"]
[EventCountry "LAT"]
[SourceTitle "playchess.com"]
[Source "ChessBase"]
[SourceQuality "1"]

1. e4 e5 2. Nf3 Nc6 3. Bb5 a6 4. Ba4 Nf6 5. O-O Be7 6. Re1 b5 7. Bb3 O-O 8. a4
Bb7 9. d3 d6 10. Nbd2 Nd7 11. c3 Nc5 12. axb5 axb5 13. Rxa8 Qxa8 14. Bc2 b4 15.
d4 bxc3 16. bxc3 Nd7 17. Nf1 Qa1 18. Bd2 Qxd1 19. Rxd1 Ra8 20. Rb1 Bc8 21. Bd3
Bf6 22. Be3 h6 23. h3 Ra3 24. Bb5 Ncb8 25. Bd2 Nb6 26. Ne3 Be6 27. d5 Bd7 28.
Bf1 Na6 29. Bxa6 Rxa6 30. c4 Ra2 31. Bb4 Be7 32. Be1 f6 33. Nd2 Ra4 34. Rc1 Kf7
35. Nb3 Ra3 36. Rb1 g6 37. Ba5 f5 38. Bxb6 cxb6 39. Nd2 f4 40. Nef1 Bd8 41. f3
g5 42. Kf2 h5 43. Ke2 g4 44. hxg4 hxg4 45. Rb3 Ra2 46. Rb4 g3 47. Rb1 Ra4 48.
Rb3 Bc7 49. Kd3 Ra1 50. Ke2 Ra2 51. Kd3 Bh3 0-1

[Event "Lindores Abbey Tal Blitz 2021"]
[Site "Riga"]
[Date "2021.11.08"]
[Round "1.50"]
[White "Esipenko, Andrey"]
[Black "Melia, Salome"]
[Result "0-1"]
[WhiteElo "2713"]
[BlackElo "2371"]
[Annotator "TA"]
[PlyCount "116"]
[EventDate "2021.11.02"]
[EventType "swiss"]
[EventCountry "LAT"]
[SourceTitle "playchess.com"]
[Source "ChessBase"]
[SourceQuality "1"]

1. e4 c5 2. Nf3 Nc6 3. Nc3 Nf6 4. Bb5 Qc7 5. O-O Nd4 6. Bc4 e6 7. d3 Ng4 8. g3
Nxf3+ 9. Qxf3 Ne5 10. Qe2 Be7 11. f4 Nc6 12. f5 Nd4 13. Qf2 O-O 14. Bf4 d6 15.
Rae1 a6 16. a4 Bd7 17. g4 b5 18. Ba2 b4 19. Nd1 e5 20. Bg3 Bg5 21. h4 Bc1 22.
c3 b3 23. Bb1 Nc6 24. f6 g6 25. Ne3 Bxe3 26. Qxe3 Kh8 27. Qg5 Nd8 28. Rf2 Bxa4
29. Rh2 Ne6 30. Qh6 Rg8 31. Rf1 Qd8 32. Kg2 Qf8 33. Qe3 Bd7 34. Kh1 a5 35. Rg1
a4 36. Be1 a3 37. bxa3 Rxa3 38. d4 cxd4 39. cxd4 Nxd4 40. Bc3 Ra4 41. Rf2 Bc6
42. Kh2 Qc8 43. Rg3 Bd7 44. h5 g5 45. Bb2 Rc4 46. Bd3 Ra4 47. Rfg2 Ra2 48. Bxd4
exd4 49. Qxd4 Rxg2+ 50. Rxg2 Qc5 51. Qxc5 dxc5 52. Bc4 Rb8 53. Rb2 Be6 54. Bxe6
fxe6 55. h6 Kg8 56. Kg3 c4 57. e5 c3 58. Rf2 b2 0-1

[Event "Lindores Abbey Tal Blitz 2021"]
[Site "Riga"]
[Date "2021.11.08"]
[Round "1.51"]
[White "Padmini, Rout"]
[Black "Kuzubov, Yuriy"]
[Result "0-1"]
[WhiteElo "2353"]
[BlackElo "2637"]
[Annotator "ChessBase"]
[PlyCount "100"]
[EventDate "2021.11.02"]
[EventType "swiss"]
[EventCountry "LAT"]
[SourceTitle "playchess.com"]
[Source "ChessBase"]
[SourceQuality "1"]

1. Nf3 d5 2. g3 Bg4 3. Bg2 Nd7 4. d3 e6 5. O-O Ngf6 6. h3 Bh5 7. g4 Bg6 8. Nh4
Nxg4 9. Nxg6 hxg6 10. hxg4 Qh4 11. Re1 Ne5 12. Bf4 Nxg4 13. Bg3 Qh5 14. e4 Bd6
15. e5 Bxe5 16. Bxe5 Nxe5 17. Qxh5 Rxh5 18. Nd2 O-O-O 19. d4 Nd7 20. Nf3 c6 21.
c3 Rf8 22. Re2 Kc7 23. Rae1 g5 24. Ne5 Nf6 25. Re3 Kd6 26. Rh3 Rxh3 27. Bxh3
Nh5 28. Kh2 Nf4 29. Kg3 f6 30. Ng4 b6 31. Ne3 c5 32. Ng2 Nh5+ 33. Kh2 f5 34.
Ne3 cxd4 35. cxd4 Nf4 36. Bf1 Rc8 37. b3 g4 38. Kg3 Nh5+ 39. Kh4 Nf6 40. Kg5
Ne4+ 41. Kg6 Nxf2 42. Kxg7 Ne4 43. Kf7 Rc7+ 44. Kg6 g3 45. Bg2 f4 46. Ng4 Rc2
47. Bf3 Nd2 48. Bd1 Rc1 49. Kf6 Ne4+ 50. Kg6 f3 0-1

[Event "Lindores Abbey Tal Blitz 2021"]
[Site "Riga"]
[Date "2021.11.08"]
[Round "1.52"]
[White "Niemann, Hans Moke"]
[Black "Socko, Monika"]
[Result "1-0"]
[WhiteElo "2635"]
[BlackElo "2393"]
[Annotator "ChessBase"]
[PlyCount "61"]
[EventDate "2021.11.02"]
[EventType "swiss"]
[EventCountry "LAT"]
[SourceTitle "playchess.com"]
[Source "ChessBase"]
[SourceQuality "1"]

1. Nf3 Nf6 2. c4 e6 3. g3 d5 4. Bg2 dxc4 5. Qa4+ Nbd7 6. Qxc4 a6 7. Qc2 c5 8.
Nc3 Be7 9. O-O O-O 10. d4 Ra7 11. Rd1 b5 12. e4 b4 13. Na4 Qa5 14. e5 Nd5 15.
Bg5 Bb7 16. Bxe7 Nxe7 17. Nxc5 Nxc5 18. Qxc5 Qxc5 19. dxc5 Bd5 20. Nd4 Rc8 21.
Bxd5 Nxd5 22. Rac1 Rac7 23. c6 Ne7 24. Rc4 Rd8 25. Rdc1 Rb8 26. f4 h6 27. h4
Kf8 28. Kf2 g6 29. g4 Kg7 30. h5 gxh5 31. f5 1-0

[Event "Lindores Abbey Tal Blitz 2021"]
[Site "Riga"]
[Date "2021.11.08"]
[Round "1.53"]
[White "Arakhamia-Grant, Ketevan"]
[Black "Demchenko, Anton"]
[Result "1-0"]
[WhiteElo "2362"]
[BlackElo "2655"]
[Annotator "ChessBase"]
[PlyCount "93"]
[EventDate "2021.11.02"]
[EventType "swiss"]
[EventCountry "LAT"]
[SourceTitle "playchess.com"]
[Source "ChessBase"]
[SourceQuality "1"]

1. e4 e5 2. Nf3 Nc6 3. Bb5 a6 4. Ba4 Nge7 5. c3 Ng6 6. O-O d5 7. d3 Be7 8. Nbd2
O-O 9. Re1 b5 10. Bb3 Be6 11. Nf1 dxe4 12. Bxe6 exf3 13. Qxf3 Nd4 14. cxd4 fxe6
15. Qg4 exd4 16. Qxe6+ Kh8 17. Ng3 Bb4 18. Rf1 Qh4 19. Ne4 Rae8 20. Qxa6 Ne5
21. Qxb5 Bd6 22. h3 Qh5 23. a4 Rb8 24. Qa6 Qg6 25. f4 Rb6 26. Qa5 Nxd3 27. Nxd6
Qxd6 28. Bd2 Nxb2 29. Rac1 h6 30. Qc5 Nxa4 31. Qxc7 Qxc7 32. Rxc7 Rb2 33. Bc1
Ra2 34. f5 Nc3 35. f6 Ne2+ 36. Kh2 Rxf6 37. Rxf6 gxf6 38. Bxh6 d3 39. Rd7 f5
40. Rxd3 Kh7 41. Bg5 Kg6 42. h4 f4 43. Rd6+ Kf5 44. Rd5+ Kg4 45. Rd3 Ra1 46.
Bf6 Ng3 47. Bxa1 1-0

[Event "Lindores Abbey Tal Blitz 2021"]
[Site "Riga"]
[Date "2021.11.08"]
[Round "1.54"]
[White "Henriquez Villagra, Cristobal"]
[Black "Buksa, Nataliya"]
[Result "1-0"]
[WhiteElo "2608"]
[BlackElo "2410"]
[Annotator "ChessBase"]
[PlyCount "69"]
[EventDate "2021.11.02"]
[EventType "swiss"]
[EventCountry "LAT"]
[SourceTitle "playchess.com"]
[Source "ChessBase"]
[SourceQuality "1"]

1. e4 c5 2. Nf3 Nc6 3. Bb5 g6 4. O-O Bg7 5. c3 Nf6 6. Re1 O-O 7. d4 d5 8. e5
Ne4 9. Be3 cxd4 10. cxd4 Qb6 11. Qe2 a6 12. Bxc6 bxc6 13. Nc3 Nxc3 14. bxc3 a5
15. Bc1 c5 16. Ba3 cxd4 17. Nxd4 Ba6 18. Qf3 Qc7 19. e6 Rac8 20. Rac1 fxe6 21.
Qh3 Qd7 22. Qxe6+ Qxe6 23. Nxe6 Rf7 24. Nxg7 Kxg7 25. Bxe7 Bc4 26. a3 Rb8 27.
Bc5 Rb3 28. h3 h6 29. Bd4+ Kh7 30. Re8 g5 31. Rce1 Kg6 32. g4 Rf3 33. R1e6+ Kf7
34. R6e7+ Kg6 35. Rg7# 1-0

[Event "Lindores Abbey Tal Blitz 2021"]
[Site "Riga"]
[Date "2021.11.08"]
[Round "1.55"]
[White "Badelka, Olga"]
[Black "Predke, Alexandr"]
[Result "0-1"]
[WhiteElo "2438"]
[BlackElo "2668"]
[Annotator "ChessBase"]
[PlyCount "92"]
[EventDate "2021.11.02"]
[EventType "swiss"]
[EventCountry "LAT"]
[SourceTitle "playchess.com"]
[Source "ChessBase"]
[SourceQuality "1"]

1. Nf3 d5 2. g3 b6 3. Bg2 Bb7 4. O-O Nd7 5. d4 e6 6. a4 a6 7. a5 b5 8. Bg5 Ngf6
9. Ne5 Be7 10. Nd2 Nxe5 11. dxe5 Nd7 12. Bxe7 Qxe7 13. f4 O-O 14. e3 c5 15. c4
bxc4 16. Nxc4 Bc6 17. Nd6 Rab8 18. Qe2 Bb5 19. Nxb5 Rxb5 20. Rfc1 Rfb8 21. Rc2
Qd8 22. Qd2 c4 23. e4 Nc5 24. Rd1 Nd3 25. exd5 exd5 26. Bf1 Nxb2 27. Rb1 Na4
28. Ra1 Nc5 29. Qf2 Rxa5 30. Rd1 Ne4 31. Qe3 Qc7 32. Bxc4 dxc4 33. Qxe4 Rc5 34.
Rdc1 c3 35. Qe3 Rc8 36. Kg2 Qc6+ 37. Kg1 g6 38. Qd4 a5 39. Ra1 Rc4 40. Qe3 a4
41. Ra3 h5 42. h4 Rb8 43. Raxc3 Rb1+ 44. Kf2 Qh1 45. Qe2 Qg1+ 46. Kf3 Rf1+ 0-1

[Event "Lindores Abbey Tal Blitz 2021"]
[Site "Riga"]
[Date "2021.11.08"]
[Round "1.56"]
[White "Saric, Ivan"]
[Black "Rogule, Laura"]
[Result "1-0"]
[WhiteElo "2665"]
[BlackElo "2289"]
[Annotator "ChessBase"]
[PlyCount "89"]
[EventDate "2021.11.02"]
[EventType "swiss"]
[EventCountry "LAT"]
[SourceTitle "playchess.com"]
[Source "ChessBase"]
[SourceQuality "1"]

1. Nf3 d5 2. g3 c6 3. Bg2 Nf6 4. O-O Bg4 5. d3 Nbd7 6. Qe1 e5 7. e4 dxe4 8.
dxe4 Bc5 9. Nbd2 O-O 10. h3 Bxf3 11. Nxf3 Re8 12. Qe2 a5 13. a4 Qc7 14. Kh1 Bf8
15. h4 Nc5 16. Nd2 Ne6 17. c3 Rad8 18. Nc4 h6 19. Ne3 g6 20. Nc4 Nc5 21. Be3
Rd7 22. f3 Kh7 23. Bh3 Rdd8 24. b4 b5 25. axb5 cxb5 26. bxc5 bxc4 27. Qxc4 Rb8
28. Rfb1 Kg7 29. c6 Bd6 30. Kg2 Red8 31. Bf2 Be7 32. Rxb8 Rxb8 33. Ra2 Ne8 34.
Qd5 Ra8 35. Qd7 Qd6 36. Rd2 Qa3 37. c7 Qxc3 38. Qxe7 Qxd2 39. Qxe5+ Kg8 40.
c8=Q Rxc8 41. Bxc8 Qd8 42. Bb7 Nd6 43. Bd5 a4 44. Bd4 Kf8 45. Qh8+ 1-0

[Event "Lindores Abbey Tal Blitz 2021"]
[Site "Riga"]
[Date "2021.11.08"]
[Round "1.57"]
[White "Martynov, Aleksandr"]
[Black "Shevchenko, Kirill"]
[Result "0-1"]
[WhiteElo "1648"]
[BlackElo "2647"]
[Annotator "ChessBase"]
[PlyCount "60"]
[EventDate "2021.11.02"]
[EventType "swiss"]
[EventCountry "LAT"]
[SourceTitle "playchess.com"]
[Source "ChessBase"]
[SourceQuality "1"]

1. d4 Nf6 2. Nf3 g6 3. g3 Bg7 4. Bg2 O-O 5. O-O d6 6. Re1 Nbd7 7. e4 e5 8. dxe5
Nxe5 9. Nxe5 dxe5 10. b3 Bg4 11. f3 Be6 12. Bb2 Nd7 13. Nd2 Qe7 14. Qe2 Rfd8
15. Rad1 Qc5+ 16. Qf2 Qxc2 17. Nc4 Qxf2+ 18. Kxf2 Bxc4 19. bxc4 Nc5 20. Ke3 c6
21. Bh3 h5 22. Ba3 Bf8 23. f4 exf4+ 24. gxf4 Na4 25. Bxf8 Kxf8 26. Rc1 Nc5 27.
Rc3 Nxe4 28. Rb3 Nc5 29. Ra3 Re8+ 30. Kd2 Rad8+ 0-1

[Event "Lindores Abbey Tal Blitz 2021"]
[Site "Riga"]
[Date "2021.11.08"]
[Round "1.58"]
[White "Kovalev, Vladislav"]
[Black "Eizaguerri Floris, Maria"]
[Result "1-0"]
[WhiteElo "2634"]
[BlackElo "2328"]
[Annotator "ChessBase"]
[PlyCount "163"]
[EventDate "2021.11.02"]
[EventType "swiss"]
[EventCountry "LAT"]
[SourceTitle "playchess.com"]
[Source "ChessBase"]
[SourceQuality "1"]

1. e4 c5 2. Be2 Nc6 3. d3 e6 4. f4 d5 5. Nf3 Nf6 6. e5 Nd7 7. c3 d4 8. Nbd2 b5
9. Ne4 dxc3 10. bxc3 Bb7 11. O-O Be7 12. Be3 Qc7 13. Qe1 O-O 14. Qf2 Nd8 15.
Nfd2 Rc8 16. a4 bxa4 17. Rxa4 Bc6 18. Raa1 Bd5 19. Nc4 Bxc4 20. dxc4 Rb8 21.
Rfd1 Rb2 22. Bc1 Rb3 23. Bf3 Nc6 24. Be3 Na5 25. Qe2 Rd8 26. Bf2 h6 27. Qa2 Nb6
28. Qxa5 Rxd1+ 29. Rxd1 Qb8 30. Nd2 Rb2 31. Qa1 Nd7 32. Rb1 Rxb1+ 33. Qxb1 Qd8
34. Ne4 Qc7 35. g3 g6 36. Qb5 Kg7 37. h4 a5 38. Kg2 h5 39. Ng5 Bxg5 40. hxg5
Qa7 41. Bc6 Nb8 42. Bxc5 Qc7 43. Bf3 Nd7 44. Bd6 Qa7 45. c5 a4 46. c6 Nb6 47.
Ba3 Nc8 48. Qe2 Qb6 49. Bb4 Na7 50. Qa2 Nxc6 51. Qxa4 Nxb4 52. Qxb4 Qe3 53. Qb2
Qe1 54. c4 Qe3 55. Qc2 Qc5 56. Qe2 Qd4 57. Be4 Qc5 58. Qd3 Qb4 59. Qc2 Qc5 60.
Kf3 Qg1 61. c5 Qf1+ 62. Ke3 Qe1+ 63. Kd4 Qxg3 64. c6 Qg1+ 65. Kd3 Qf1+ 66. Kd4
Qg1+ 67. Kc4 Qf1+ 68. Kb4 Qe1+ 69. Kb5 Qf1+ 70. Bd3 Qxf4 71. c7 Qxe5+ 72. Ka4
Qd4+ 73. Qc4 Qa7+ 74. Kb3 Qb6+ 75. Kc3 Qa5+ 76. Kc2 Qxg5 77. c8=Q Qg2+ 78. Be2
Qg5 79. Qc3+ e5 80. Q8c5 f6 81. Qe7+ Kh6 82. Qf8+ 1-0

[Event "Lindores Abbey Tal Blitz 2021"]
[Site "Riga"]
[Date "2021.11.08"]
[Round "1.59"]
[White "Golsta, Madara"]
[Black "Sevian, Samuel"]
[Result "0-1"]
[WhiteElo "2003"]
[BlackElo "2668"]
[Annotator "ChessBase"]
[PlyCount "108"]
[EventDate "2021.11.02"]
[EventType "swiss"]
[EventCountry "LAT"]
[SourceTitle "playchess.com"]
[Source "ChessBase"]
[SourceQuality "1"]

1. e4 c6 2. d4 d5 3. Nc3 dxe4 4. Nxe4 Bf5 5. Ng3 Bg6 6. h4 h6 7. Nf3 e6 8. h5
Bh7 9. Bd3 Bxd3 10. Qxd3 Nf6 11. Bd2 c5 12. O-O-O Nc6 13. Bc3 Qd5 14. dxc5 Qxd3
15. Rxd3 Bxc5 16. Bxf6 gxf6 17. Ne4 Be7 18. Nd6+ Bxd6 19. Rxd6 Rg8 20. g3 Rg4
21. Re1 Rc4 22. b3 Rc5 23. Nd2 Ke7 24. Ne4 Re5 25. Rdd1 Rxh5 26. Rd7+ Kxd7 27.
Nxf6+ Ke7 28. Nxh5 Rc8 29. Nf4 Nb4 30. c4 Nxa2+ 31. Kb2 Nb4 32. Kc3 Nc6 33. Rh1
Rh8 34. Rh5 Kf6 35. Rb5 Rb8 36. Nd3 b6 37. Rh5 Kg6 38. Nf4+ Kg7 39. Ng2 Rd8 40.
Ne3 Nd4 41. Ng4 Nf5 42. Rh1 a5 43. b4 axb4+ 44. Kxb4 Rd2 45. Kb5 Rb2+ 46. Kc6
Rb4 47. Rc1 Nd4+ 48. Kd6 Nb3 49. Rc3 Nc5 50. Rc1 Nd3 51. Rc3 Nb2 52. Ne5 Ra4
53. Kc6 Ra2 54. Kxb6 Na4+ 0-1

[Event "Lindores Abbey Tal Blitz 2021"]
[Site "Riga"]
[Date "2021.11.08"]
[Round "1.60"]
[White "Ganguly, Surya Shekhar"]
[Black "Vantika Agrawal"]
[Result "1/2-1/2"]
[WhiteElo "2633"]
[BlackElo "2329"]
[Annotator "ChessBase"]
[PlyCount "106"]
[EventDate "2021.11.02"]
[EventType "swiss"]
[EventCountry "LAT"]
[SourceTitle "playchess.com"]
[Source "ChessBase"]
[SourceQuality "1"]

1. Nf3 Nf6 2. c4 g6 3. Nc3 Bg7 4. e4 d6 5. d4 O-O 6. Be2 Nbd7 7. O-O e5 8. d5
Nc5 9. Qc2 a5 10. Bg5 h6 11. Bh4 g5 12. Bg3 Nh5 13. Nd2 Nf4 14. Rfe1 f5 15.
exf5 Bxf5 16. Nde4 g4 17. Bf1 h5 18. Qd1 Nxe4 19. Nxe4 h4 20. Bxf4 exf4 21. Qd2
Be5 22. Nc5 Qf6 23. Ne6 Bxe6 24. dxe6 Qxe6 25. c5 Kh8 26. cxd6 Qxd6 27. Qe2
Rae8 28. Qxg4 Qh6 29. Re4 Bxb2 30. Rae1 Rxe4 31. Rxe4 f3 32. Qh3 Bf6 33. Qxf3
c6 34. h3 Bd4 35. Rxh4 Rxf3 36. Rxh6+ Kg7 37. Rd6 Bxf2+ 38. Kh1 Rf7 39. g4 Bg3
40. Rd1 Rf2 41. a4 Kf6 42. Rb1 b6 43. Bg2 Bc7 44. Kg1 Ra2 45. Bxc6 Kg5 46. Rb3
Bd6 47. Kf1 Bc5 48. Ke1 Rh2 49. Bd7 Kh4 50. Kd1 Rxh3 51. Rxh3+ Kxh3 52. g5+ Kh4
53. g6 Bd4 1/2-1/2

[Event "Lindores Abbey Tal Blitz 2021"]
[Site "Riga"]
[Date "2021.11.08"]
[Round "2.1"]
[White "Vachier-Lagrave, Maxime"]
[Black "Bartel, Mateusz"]
[Result "0-1"]
[WhiteElo "2766"]
[BlackElo "2619"]
[Annotator "TA"]
[PlyCount "80"]
[EventDate "2021.11.02"]
[EventType "swiss"]
[EventCountry "LAT"]
[SourceTitle "playchess.com"]
[Source "ChessBase"]
[SourceQuality "1"]

1. Nf3 d5 2. g3 g6 3. Bg2 Bg7 4. c4 dxc4 5. Na3 Nc6 6. Nxc4 Nh6 7. d3 O-O 8.
O-O Nf5 9. Bf4 Be6 10. Rc1 Rc8 11. e3 Bxc4 12. Rxc4 e5 13. g4 Nd6 14. Rxc6 exf4
15. Rc2 fxe3 16. fxe3 f5 17. g5 Qe7 18. Re1 c5 19. h4 b6 20. Rce2 Rcd8 21. Qb3+
Kh8 22. a4 Nb7 23. e4 Na5 24. Qb5 fxe4 25. Rxe4 Qd6 26. R1e3 Qg3 27. b4 cxb4
28. Ne5 Qf2+ 29. Kh2 b3 30. Re2 Qf5 31. d4 Qc8 32. Qb4 Qc7 33. R2e3 Nc6 34.
Qxb3 Nxd4 35. Qc3 Qd6 36. Kh1 Nf5 37. Re1 Qd2 38. Nf7+ Kg8 39. Qxd2 Rxd2 40.
Rc4 Rxf7 0-1

[Event "Lindores Abbey Tal Blitz 2021"]
[Site "Riga"]
[Date "2021.11.08"]
[Round "2.3"]
[White "Caruana, Fabiano"]
[Black "Tabatabaei, M. Amin"]
[Result "1-0"]
[WhiteElo "2791"]
[BlackElo "2639"]
[Annotator "TA"]
[PlyCount "77"]
[EventDate "2021.11.02"]
[EventType "swiss"]
[EventCountry "LAT"]
[SourceTitle "playchess.com"]
[Source "ChessBase"]
[SourceQuality "1"]

1. d4 Nf6 2. Nf3 d5 3. c4 e6 4. g3 Be7 5. Bg2 O-O 6. Qb3 c6 7. O-O Nbd7 8. Bf4
a5 9. Rd1 b6 10. Nc3 a4 11. Qc2 dxc4 12. e4 Bb7 13. h4 b5 14. e5 Nd5 15. Ng5 g6
16. Bxd5 cxd5 17. Nxb5 Bc6 18. Nc3 a3 19. Kg2 axb2 20. Qxb2 Qb6 21. Qc2 Rfb8
22. Rab1 Qa7 23. h5 Nf8 24. Rxb8 Rxb8 25. hxg6 hxg6 26. Nf3 Qa3 27. Bc1 Qa5 28.
Rh1 Nd7 29. Qd2 Bf8 30. Ng5 Nxe5 31. Qf4 Bg7 32. Nxf7 Rf8 33. Nh6+ Bxh6 34.
Qxh6 Kf7 35. Qf4+ Ke7 36. Qxe5 Qxc3 37. Rh7+ Rf7 38. Bg5+ Ke8 39. Qb8+ 1-0

[Event "Lindores Abbey Tal Blitz 2021"]
[Site "Riga"]
[Date "2021.11.08"]
[Round "2.4"]
[White "Rakhmanov, Aleksandr"]
[Black "Navara, David"]
[Result "0-1"]
[WhiteElo "2650"]
[BlackElo "2699"]
[Annotator "TA"]
[PlyCount "90"]
[EventDate "2021.11.02"]
[EventType "swiss"]
[EventCountry "LAT"]
[SourceTitle "playchess.com"]
[Source "ChessBase"]
[SourceQuality "1"]

1. c4 e5 2. Nf3 e4 3. Nd4 Nc6 4. e3 g6 5. Nxc6 dxc6 6. Nc3 Nf6 7. b3 Bg7 8. Bb2
Bf5 9. h3 h5 10. Qc2 Qd7 11. Be2 h4 12. a3 a5 13. Na4 b6 14. Bd4 c5 15. Be5 Qe7
16. Bb2 O-O 17. Nc3 Rad8 18. O-O-O Nd7 19. g4 hxg3 20. fxg3 Ne5 21. g4 Nd3+ 22.
Bxd3 exd3 23. Qb1 Be6 24. Qa1 f6 25. a4 c6 26. Rdf1 Rf7 27. Rhg1 Rdf8 28. h4
Qd7 29. Ne4 Bxg4 30. Nxf6+ Bxf6 31. Rxf6 Rxf6 32. Bxf6 Qe6 33. Qe5 Rxf6 34.
Qb8+ Rf8 35. Qxb6 Bh5 36. Qxc5 Qf6 37. Kb1 Kh7 38. Qxa5 Rf7 39. Qg5 Qf2 40. e4
Rb7 41. Ka2 Qd4 42. Rf1 Qxe4 43. Qc5 Qe2 44. Rf2 Qd1 45. b4 Qxa4+ 0-1

[Event "Lindores Abbey Tal Blitz 2021"]
[Site "Riga"]
[Date "2021.11.08"]
[Round "2.5"]
[White "Dubov, Daniil"]
[Black "Petrosyan, Manuel"]
[Result "1-0"]
[WhiteElo "2714"]
[BlackElo "2599"]
[Annotator "TA"]
[PlyCount "219"]
[EventDate "2021.11.02"]
[EventType "swiss"]
[EventCountry "LAT"]
[SourceTitle "playchess.com"]
[Source "ChessBase"]
[SourceQuality "1"]

1. d4 Nf6 2. c4 e6 3. Nf3 d5 4. g3 Bb4+ 5. Nc3 O-O 6. Bg2 Ne4 7. O-O Bxc3 8.
bxc3 Nxc3 9. Qc2 Ne4 10. Rb1 Nd7 11. Rd1 h6 12. Ne5 Nef6 13. Bf4 c6 14. h4 Re8
15. Bf3 Qe7 16. e3 Nxe5 17. Bxe5 Nd7 18. Bc7 dxc4 19. Qxc4 Nb6 20. Bxb6 axb6
21. Rxb6 e5 22. d5 e4 23. d6 Qd8 24. d7 Bxd7 25. Rxb7 Be6 26. Rxd8 Bxc4 27.
Rxa8 Rxa8 28. Bxe4 Bxa2 29. Bxc6 Rd8 30. Kg2 Bd5+ 31. Bxd5 Rxd5 32. g4 g5 33.
Kg3 Kg7 34. h5 Rd1 35. Kg2 Ra1 36. Rb6 Ra4 37. Kg3 Rc4 38. Rd6 Ra4 39. Rd4 Ra2
40. Kf3 Rb2 41. Ra4 Rc2 42. Ra1 Rb2 43. Re1 Rb3 44. Ke4 Rb4+ 45. Kf3 Kf6 46.
Re2 Kg7 47. Rd2 Ra4 48. Rd4 Ra2 49. Kg3 Rb2 50. Kf3 Ra2 51. Rd1 Ra4 52. Rd2 Rb4
53. Kg3 Rb3 54. Re2 Ra3 55. f3 Kf6 56. Kf2 Kg7 57. Rd2 Rb3 58. Ke2 Ra3 59. Rc2
Rb3 60. Kd2 Rb1 61. Kd3 Rb4 62. Rc4 Rb3+ 63. Ke4 Rb5 64. Rd4 Ra5 65. Rd5 Ra3
66. Rd3 Ra4+ 67. Ke5 Ra5+ 68. Rd5 Ra3 69. Ke4 Ra4+ 70. Kf5 Ra3 71. Re5 Ra6 72.
Re7 Rf6+ 73. Ke4 Ra6 74. Rd7 Ra4+ 75. Rd4 Ra3 76. f4 gxf4 77. exf4 Ra5 78. Rd5
Ra1 79. Kf5 Rf1 80. Rd6 Rf2 81. Rd1 Rf3 82. Ke5 Re3+ 83. Kf5 Rf3 84. Rd6 Rf1
85. g5 hxg5 86. h6+ Kh7 87. Kxg5 Rg1+ 88. Kf5 Rg2 89. Rd7 Kxh6 90. Rxf7 Ra2 91.
Re7 Ra1 92. Kf6 Ra6+ 93. Re6 Ra1 94. Re7 Ra6+ 95. Kf5 Ra5+ 96. Kf6 Ra6+ 97. Re6
Ra1 98. f5 Kh7 99. Kf7 Ra8 100. Re1 Ra7+ 101. Re7 Ra8 102. Rb7 Kh6 103. f6 Ra6
104. Ke7 Ra1 105. f7 Re1+ 106. Kf8 Kh7 107. Rb2 Ra1 108. Rh2+ Kg6 109. Kg8 Rh1
110. Rxh1 1-0

[Event "Lindores Abbey Tal Blitz 2021"]
[Site "Riga"]
[Date "2021.11.08"]
[Round "2.6"]
[White "Sasikiran, Krishnan"]
[Black "Jobava, Baadur"]
[Result "0-1"]
[WhiteElo "2640"]
[BlackElo "2582"]
[Annotator "ChessBase"]
[PlyCount "88"]
[EventDate "2021.11.02"]
[EventType "swiss"]
[EventCountry "LAT"]
[SourceTitle "playchess.com"]
[Source "ChessBase"]
[SourceQuality "1"]

1. e4 e6 2. d4 d5 3. Nc3 dxe4 4. Nxe4 Bd7 5. Nf3 Bc6 6. Bd3 Nd7 7. c4 Ngf6 8.
Nc3 Bxf3 9. Qxf3 c5 10. d5 Ne5 11. Qe2 Bd6 12. Bg5 O-O 13. O-O-O Re8 14. dxe6
Nxd3+ 15. Qxd3 Rxe6 16. Nb5 h6 17. Be3 Ne4 18. Qd5 Qe7 19. f3 Nf6 20. Qd3 Be5
21. Bf2 a6 22. Nc3 b5 23. Nd5 Qb7 24. Rd2 Rd6 25. Rhd1 Nxd5 26. cxd5 c4 27. Qf5
Re8 28. Kb1 c3 29. Re2 Rxd5 30. Rde1 cxb2 31. f4 g6 32. Qc2 Rc8 33. Qe4 Rc1+
34. Rxc1 bxc1=Q+ 35. Kxc1 Qc7+ 36. Rc2 Bxf4+ 37. Kb2 Qe5+ 38. Qxe5 Bxe5+ 39.
Kb3 Bxh2 40. g3 Rd3+ 41. Kb4 Bxg3 42. Rc8+ Kg7 43. Bxg3 Rxg3 44. Rc6 Rg4+ 0-1

[Event "Lindores Abbey Tal Blitz 2021"]
[Site "Riga"]
[Date "2021.11.08"]
[Round "2.7"]
[White "Korobov, Anton"]
[Black "Ter-Sahakyan, Samvel"]
[Result "1-0"]
[WhiteElo "2684"]
[BlackElo "2615"]
[Annotator "ChessBase"]
[PlyCount "137"]
[EventDate "2021.11.02"]
[EventType "swiss"]
[EventCountry "LAT"]
[SourceTitle "playchess.com"]
[Source "ChessBase"]
[SourceQuality "1"]

1. d4 Nf6 2. c4 e6 3. Nf3 d5 4. Nc3 Bb4 5. Qa4+ Nc6 6. e3 O-O 7. Qc2 b6 8. Bd2
Bb7 9. Rd1 Bd6 10. a3 a6 11. Bd3 dxc4 12. Bxc4 e5 13. O-O h6 14. d5 Ne7 15. Bc1
Bc8 16. Nd2 Ng6 17. b4 Bd7 18. Bb2 Nh5 19. Nce4 f5 20. Nxd6 cxd6 21. Qd3 Qg5
22. Nf3 Qe7 23. Qe2 b5 24. Bb3 Nf6 25. Rc1 Rac8 26. Nd2 Kh8 27. g3 e4 28. f4
exf3 29. Nxf3 f4 30. Rxc8 Rxc8 31. Bxf6 Qxf6 32. gxf4 Re8 33. Qd2 Bg4 34. Nd4
Nh4 35. Bc2 Bh3 36. Qd3 g6 37. Rf2 Bf5 38. Qc3 Bxc2 39. Rxc2 g5 40. Ne6 Qxc3
41. Rxc3 gxf4 42. exf4 Nf5 43. Rc6 Ne7 44. Rxd6 Nxd5 45. Rxa6 Ne3 46. Kf2 Nc4
47. Kf3 Kg8 48. f5 Kf7 49. Kf4 Rg8 50. Ra7+ Kf6 51. Rh7 Rg1 52. Rxh6+ Ke7 53.
Ng5 Rf1+ 54. Kg3 Rxf5 55. Nf3 Rd5 56. h4 Nxa3 57. h5 Nc2 58. Rh8 Nxb4 59. Kg4
Nc2 60. h6 Ne3+ 61. Kf4 Ng2+ 62. Ke4 Rh5 63. h7 Kf6 64. Ng5 Kxg5 65. Rg8+ Kf6
66. h8=Q+ Rxh8 67. Rxh8 Ne1 68. Rh2 b4 69. Re2 1-0

[Event "Lindores Abbey Tal Blitz 2021"]
[Site "Riga"]
[Date "2021.11.08"]
[Round "2.8"]
[White "Jumabayev, Rinat"]
[Black "Fedoseev, Vladimir"]
[Result "1-0"]
[WhiteElo "2658"]
[BlackElo "2704"]
[Annotator "TA"]
[PlyCount "211"]
[EventDate "2021.11.02"]
[EventType "swiss"]
[EventCountry "LAT"]
[SourceTitle "playchess.com"]
[Source "ChessBase"]
[SourceQuality "1"]

1. Nf3 d5 2. g3 b6 3. Bg2 Bb7 4. O-O Nd7 5. d4 e6 6. c4 dxc4 7. Qa4 Bd6 8. Nc3
Ngf6 9. Rd1 a6 10. Qxc4 b5 11. Qd3 b4 12. Na4 Be4 13. Qd2 Qc8 14. b3 Qb7 15.
Bb2 Bd5 16. Rac1 Ne4 17. Qc2 O-O 18. Ne5 Nb6 19. Nxb6 cxb6 20. Nc4 Rac8 21. f3
Bxc4 22. fxe4 Bb5 23. Qd2 e5 24. dxe5 Bc5+ 25. e3 Bc6 26. Qd3 Bb5 27. Qd2 Qe7
28. Bd4 Rfd8 29. Qf2 Bd7 30. h4 a5 31. Bf1 Bg4 32. Rd2 Be6 33. Ba6 Ra8 34. Bc4
a4 35. Qf3 axb3 36. axb3 Rac8 37. Bd5 Qd7 38. Bb2 Qe7 39. Kh2 h6 40. Rcd1 Re8
41. Rf1 Rcd8 42. Rd3 Rf8 43. Kg2 Qd7 44. Kh2 Qb5 45. Rfd1 Qe8 46. Rf1 Qe7 47.
Rfd1 Ra8 48. R1d2 Ra2 49. Bd4 Ra3 50. Bb2 Ra2 51. Bd4 Ra3 52. Bb2 Ra7 53. Bd4
Ra5 54. Rf2 Qe8 55. Qf4 Ra3 56. Bb2 Ra2 57. Bd4 Ra3 58. Bb2 Ra7 59. Bd4 Qe7 60.
Qf3 Rd7 61. Bb2 Rfd8 62. Rfd2 Rf8 63. Rf2 Rdd8 64. Rc2 Qa7 65. Rcd2 Rde8 66.
Bd4 Qa6 67. h5 Qc8 68. Qf4 Rd8 69. Bb2 Rde8 70. Rf2 Qd7 71. Bc4 Qe7 72. Bd5 Ra8
73. Rfd2 Ra2 74. Bd4 Ra3 75. Bb2 Ra5 76. Rf2 Ra7 77. Kg2 Rd7 78. Rfd2 Rc7 79.
Rf2 Kh7 80. Bxe6 fxe6 81. Qxf8 Qxf8 82. Rxf8 Bxf8 83. Kf3 Kg8 84. Rd8 Kf7 85.
Bd4 Bc5 86. Kf4 Ra7 87. Rc8 Be7 88. Bxb6 Bg5+ 89. Kg4 Ra3 90. Rc7+ Kg8 91. Rc6
Kf7 92. Rc7+ Kg8 93. Rc8+ Kh7 94. Rc6 Rxb3 95. Rxe6 Rd3 96. Bd4 b3 97. Rb6 Bxe3
98. Bxe3 Rxe3 99. Kf4 Rc3 100. e6 g5+ 101. Ke5 Kg7 102. Rb8 Rc5+ 103. Kd6 Rc1
104. e7 Rd1+ 105. Ke6 Re1 106. e5 1-0